[Event "Chess1500TO1999 1"]
[Site "SchemingMind.com"]
[Date "2024.06.20"]
[Round "-"]
[White "Robert Hatfield"]
[Black "Johphi"]
[Result "1-0"]
[WhiteCountry "USA"]
[BlackCountry "NED"]
[WhiteElo "1713"]
[WhiteRD "56"]
[BlackElo "1726"]
[BlackRD "129"]
[GameID "745491"]

1. e4 e6 2. d4 d5 3. Nc3 Bb4 4. e5 c5 5. a3 Ba5 6. b4 cxd4 7. Nb5 Bc7 8. f4 Bd7 9. Nxd4 Nc6 10. Ngf3 Nxd4
11. Nxd4 Nh6 12. Be3 f6 13. Be2 fxe5 14. fxe5 Nf7 15. O-O O-O 16. Bg4 Bxe5 17. Qd2 Bf6 18. Bxe6 Bxd4 19. Bxf7+ Rxf7 20. Bxd4 Bb5
21. Rxf7 Kxf7 22. Qf4+ Kg8 23. Re1 Qd7 24. Qg5 Qf7 25. Bxg7 Qxg7 26. Qxd5+ Kh8 27. Qxb5 Rg8 28. Qe5 Qxe5 29. Rxe5 Rc8 30. Re7 Rxc2
31. Rxb7 Rc1+ 32. Kf2 Rc2+ 33. Kf3 Rc3+ 34. Ke4 Rxa3 35. Kf5 Ra2 36. Kf6 Rf2+ 37. Ke6 Re2+ 38. Kd5 Rxg2 39. Rxa7 Rxh2 40. b5 Rd2+
41. Kc6 Rc2+ 42. Kd7 h5 43. b6 h4 44. b7 Rd2+ 45. Ke6 Re2+ 46. Kf5 Rf2+ 47. Kg4 Rg2+ 48. Kxh4 Rh2+ 49. Kg3
1-0

[Event "Chess1500TO1999 1"]
[Site "SchemingMind.com"]
[Date "2024.06.28"]
[Round "-"]
[White "Robert Hatfield"]
[Black "Clive Everill"]
[Result "1-0"]
[WhiteCountry "USA"]
[BlackCountry "CZE"]
[WhiteElo "1712"]
[WhiteRD "58"]
[BlackElo "1709"]
[BlackRD "62"]
[GameID "745642"]

1. e4 c5 2. Nc3 e6 3. Nf3 a6 4. d4 cxd4 5. Nxd4 Nf6 6. Be2 Bb4 7. O-O d6 8. Qd3 Nbd7 9. Qg3 Bxc3 10. bxc3 Nxe4
11. Qxg7 Qf6 12. Qxf6 Ndxf6 13. c4 Rg8 14. a4 e5 15. Nb3 Nc3 16. Bd1 Be6 17. Ba3 Rd8 18. Bf3 Bxc4 19. Bxb7 Bxf1 20. Kxf1 Ke7
21. Bxa6 Rg4 22. a5 Rdg8 23. g3 h5 24. h3 R4g7 25. Bb7 Nb5 26. a6 h4 27. c4 Na7 28. g4 Nh7 29. c5 dxc5 30. Bxc5+ Ke6
31. Bxa7 Ng5 32. Nc5+ Ke7 33. Kg2 Rd8 34. Ne4 Ne6 35. Bb6 Nf4+ 36. Kf1 Rd3 37. a7 Rxh3 38. Ng3 hxg3 39. a8=Q Rxg4 40. Qd8+ Ke6
41. Bc8#
1-0

[Event "Chess1500TO1999 1"]
[Site "SchemingMind.com"]
[Date "2024.06.27"]
[Round "-"]
[White "Johphi"]
[Black "Clive Everill"]
[Result "0-1"]
[WhiteCountry "NED"]
[BlackCountry "CZE"]
[WhiteElo "1726"]
[WhiteRD "129"]
[BlackElo "1730"]
[BlackRD "61"]
[GameID "745643"]

1. d4 d5 2. Nf3 Nf6 3. g3 Nc6 4. Bg2 b5 5. O-O e6 6. a4 b4 7. c4 bxc3 8. Nxc3 Bb4 9. Bg5 Be7 10. Ne5 Nxe5
11. dxe5 Nd7 12. Bxe7 Qxe7 13. e4 c6 14. f4 O-O 15. exd5 cxd5 16. Nb5 Ba6 17. Re1 Bxb5 18. axb5 Qc5+ 19. Kh1 Qxb5 20. Qd4 a6
21. Bf1 Qb7 22. Rec1 Rfc8 23. Rxc8+ Qxc8 24. b4 g6 25. Bd3 Qc6 26. Qb2 Nb6 27. Qb3 d4+ 28. Kg1 Nd5 29. Qa3 Ne3 30. Qa2 a5
31. b5 Qb7 32. Rb1 Rc8 33. Qd2 a4 34. Bf1 Rc2
0-1

[Event "Chess1500TO1999 1"]
[Site "SchemingMind.com"]
[Date "2024.07.06"]
[Round "-"]
[White "Clive Everill"]
[Black "Wojtek26"]
[Result "1/2-1/2"]
[WhiteCountry "CZE"]
[BlackCountry "POL"]
[WhiteElo "1709"]
[WhiteRD "62"]
[BlackElo "1734"]
[BlackRD "65"]
[GameID "745741"]

1. e4 e6 2. d4 d5 3. Bd3 dxe4 4. Bxe4 Nf6 5. Bf3 Bd6 6. Nc3 O-O 7. Nge2 Nc6 8. Bg5 Be7 9. O-O h6 10. Be3 a6
11. a3 Bd6 12. Qd2 e5 13. Rfd1 exd4 14. Nxd4 Ne5 15. Be2 Re8 16. Nf3 Bf5 17. Nd4 Bg6 18. f4 Nc6 19. Nxc6 bxc6 20. Bf3 Qd7
21. h3 Rab8 22. b4 Qe7 23. Re1 Qd7 24. Bd4 Rxe1+ 25. Rxe1 Re8 26. Rxe8+ Qxe8 27. Bxf6 gxf6 28. Ne2 c5 29. bxc5 Bxc5+ 30. Kh1 Qe7
31. a4 Qd6 32. Qd5 Qxd5 33. Bxd5 Bxc2 34. Bc6 f5 35. g3 Kf8 36. Nc3 Bb3 37. Kg2 Ke7 38. Kf3 Kd6 39. Be8 Ke7 40. Bc6 Kd6
41. Be8 Ke7=
1/2-1/2

[Event "Chess1500TO1999 1"]
[Site "SchemingMind.com"]
[Date "2024.07.01"]
[Round "-"]
[White "Wojtek26"]
[Black "Robert Hatfield"]
[Result "1-0"]
[WhiteCountry "POL"]
[BlackCountry "USA"]
[WhiteElo "1734"]
[WhiteRD "65"]
[BlackElo "1712"]
[BlackRD "58"]
[GameID "745742"]

1. d4 Nf6 2. e3 b6 3. c4 Bb7 4. Nf3 e6 5. Be2 Bb4+ 6. Bd2 a5 7. a3 Be7 8. O-O O-O 9. Nc3 d6 10. b4 axb4
11. axb4 Nbd7 12. Qc2 Re8 13. Qb2 e5 14. dxe5 dxe5 15. Rxa8 Bxa8 16. Rd1 e4 17. Nd4 Ne5 18. Bc1 Qb8 19. Nf5 Bf8 20. Qb3 g6
21. Ng3 Bg7 22. Bb2 Qb7 23. Ra1 Nd3 24. Bxd3 exd3 25. e4 Nxe4 26. Ncxe4 Bxb2 27. Qxb2 Rxe4 28. Nxe4 Qxe4 29. f3 Qe3+ 30. Qf2 Qe8
31. Qd2 Qd8 32. Rd1 Qd4+ 33. Kh1 Qxc4 34. Qxd3 Qxd3 35. Rxd3 Bc6 36. Rd8+ Kg7 37. Rc8 b5 38. Rxc7 Bd5 39. Kg1 Bc4 40. Kf2 Be6
41. Ke3
1-0

[Event "Chess1500TO1999 1"]
[Site "SchemingMind.com"]
[Date "2024.07.02"]
[Round "-"]
[White "Johphi"]
[Black "Wojtek26"]
[Result "0-1"]
[WhiteCountry "NED"]
[BlackCountry "POL"]
[WhiteElo "1644"]
[WhiteRD "121"]
[BlackElo "1752"]
[BlackRD "70"]
[GameID "745743"]

1. d4 d5 2. Nf3 e6 3. g3 c5 4. c4 Nf6 5. cxd5 Nxd5 6. Bg2 Nc6 7. Nc3 Nxc3 8. bxc3 cxd4 9. Nxd4 Nxd4 10. Qxd4 Qxd4
11. cxd4 Bb4+ 12. Bd2 Bxd2+ 13. Kxd2 O-O 14. Rhb1 Rb8 15. Ke1 b6 16. Kf1 Rd8 17. e3 Bb7 18. a4 Ba6+ 19. Kg1 Rbc8 20. Rc1 Rxc1+
21. Rxc1 Rc8 22. Rxc8+ Bxc8 23. Kf1 Bd7 24. Be4 Bxa4 25. Ke2 Bd7 26. Kd3 h6 27. Kc3 Kf8 28. Bd3 Ke7 29. Kb4 Kd6 30. Bc4 Bc6
31. h4 a5+ 32. Kc3 b5 33. Bd3 f5 34. f4 b4+ 35. Kc4 Bd5+ 36. Kb5 Be4 37. Bc4 Bc2 38. Kxa5 b3 39. Bxb3 Bxb3 40. Kb5 Kd5
41. Kb4 Bd1 42. Kc3 Ke4 43. Kd2 Bg4 44. Kc3 Kxe3 45. Kc4 Bf3 46. Kc5 Bd5 47. Kd6 Kxd4 48. Ke7 Ke3 49. Kf7 Kf3 50. Kxg7 Kxg3
51. h5 Kxf4 52. Kxh6 Bf3 53. Kg6 Bxh5+
0-1

[Event "Chess1500TO1999 1"]
[Site "SchemingMind.com"]
[Date "2024.07.10"]
[Round "-"]
[White "Clive Everill"]
[Black "pmdpsp"]
[Result "0-1"]
[WhiteCountry "CZE"]
[BlackCountry "GER"]
[WhiteElo "1671"]
[WhiteRD "61"]
[BlackElo "1659"]
[BlackRD "75"]
[GameID "745777"]

1. e4 e5 2. Bc4 Nf6 3. d3 Bc5 4. Nc3 Nc6 5. f4 d6 6. Na4 Bd4 7. Nf3 Ng4 8. Nxd4 Nxd4 9. Nc3 Qh4+ 10. g3 Qh3
11. fxe5 Qg2 12. Rf1 Nxh2 13. Rxf7 Ndf3+ 14. Rxf3 Nxf3+ 15. Qxf3 Qxf3
0-1

[Event "Chess1500TO1999 1"]
[Site "SchemingMind.com"]
[Date "2024.07.10"]
[Round "-"]
[White "Wojtek26"]
[Black "pmdpsp"]
[Result "1-0"]
[WhiteCountry "POL"]
[BlackCountry "GER"]
[WhiteElo "1734"]
[WhiteRD "65"]
[BlackElo "1642"]
[BlackRD "79"]
[GameID "745778"]

1. d4 Nf6 2. e3 d5 3. Nf3 e6 4. c4 Bd6 5. Nbd2 O-O 6. a3 b6 7. b4 c5 8. b5 Bb7 9. a4 cxd4 10. Nxd4 dxc4
11. Nxc4 Bb4+ 12. Bd2 Bxd2+ 13. Qxd2 a6 14. Rd1 axb5 15. axb5 Ne4 16. Qc2 Qe7 17. Bd3 Nf6 18. Nxb6 Bxg2 19. Rg1 Qb4+ 20. Ke2 Bb7
21. Nxa8 Bxa8 22. Ra1 Bd5 23. Ra4 Qd6 24. e4 Bb7 25. Nf3 Nbd7 26. Rc1 Rb8 27. Rd4 Qb6 28. Qc7 Qa7 29. Rxd7 Nxd7 30. Qxd7 Qa2+
31. Rc2 Qa7 32. Ne5 Rf8 33. Rc7 Qa2+ 34. Kf3 Ba8 35. Rc8 Qa3 36. Qxf7+
1-0

[Event "Chess1500TO1999 1"]
[Site "SchemingMind.com"]
[Date "2024.07.05"]
[Round "-"]
[White "pmdpsp"]
[Black "Robert Hatfield"]
[Result "0-1"]
[WhiteCountry "GER"]
[BlackCountry "USA"]
[WhiteElo "1659"]
[WhiteRD "75"]
[BlackElo "1753"]
[BlackRD "62"]
[GameID "745779"]

1. g4 d5 2. Bg2 Bxg4 3. c4 dxc4 4. Qa4+ Bd7 5. Qxc4 Bc6 6. Bxc6+ Nxc6 7. Nf3 Nf6 8. Nc3 g6 9. Ng5 e6 10. d3 Bg7
11. Qc5 Qd4 12. Qa3 Nb4 13. Be3 Qxe3 14. Qxb4 Qxg5 15. Qxb7 O-O 16. Rg1 Qa5 17. Qb3 Rab8 18. Qc2 Nd5 19. Rg4 Nxc3 20. bxc3 Qxc3+
21. Qxc3 Bxc3+
0-1

[Event "Chess1500TO1999 1"]
[Site "SchemingMind.com"]
[Date "2024.07.06"]
[Round "-"]
[White "pmdpsp"]
[Black "Johphi"]
[Result "0-1"]
[WhiteCountry "GER"]
[BlackCountry "NED"]
[WhiteElo "1661"]
[WhiteRD "83"]
[BlackElo "1726"]
[BlackRD "129"]
[GameID "745780"]

1. g4 d5 2. c4 c6 3. h3 dxc4 4. Bg2 e5 5. Nc3 Be6 6. Nf3 Nd7 7. d4 cxd3 8. Qxd3 Be7 9. Ne4 Nc5 10. Qxd8+ Rxd8
11. Nxc5 Bxc5 12. Nxe5 Ne7 13. O-O O-O 14. Bf4 Nd5 15. Bh2 f6 16. Nd3 Bd6 17. Rac1 Bxh2+ 18. Kxh2 Bc8 19. e3 Rfe8 20. Rfd1 Kh8
21. e4 Nb6 22. f4 g6 23. e5 fxe5 24. Nxe5 Rxd1 25. Rxd1 Kg7 26. Kg3 Be6 27. b3 Nd5 28. Rd2 Nc3 29. h4 Bd5 30. Bxd5 Nxd5
31. Kf3 Rf8 32. Rd4 h6 33. Kg3 Rd8 34. h5 gxh5 35. g5 hxg5 36. fxg5 Re8 37. Nc4 Kg6 38. Kh4 Re2 39. a3 Rg2 40. Ne5+ Kf5
41. Nf3 Nf4 42. Rxf4+ Kxf4 43. Kxh5 Kxf3 44. Kh6 Kf4 45. g6 Kf5 46. g7 Kf6 47. Kh7 Rxg7+ 48. Kh8 Kf7
0-1

[Event "Chess1500TO1999 1"]
[Site "SchemingMind.com"]
[Date "2024.07.15"]
[Round "-"]
[White "Clive Everill"]
[Black "Stephen Dunning"]
[Result "0-1"]
[WhiteCountry "CZE"]
[BlackCountry "WLS"]
[WhiteElo "1709"]
[WhiteRD "62"]
[BlackElo "1985"]
[BlackRD "83"]
[GameID "745901"]

1. e4 e6 2. Qe2 c5 3. Nf3 Nc6 4. c3 Nge7 5. g3 g6 6. Bg2 Bg7 7. O-O O-O 8. e5 Qc7 9. d4 cxd4 10. cxd4 Nf5
11. Be3 d6 12. exd6 Qxd6 13. Rd1 Nfxd4 14. Nxd4 Nxd4 15. Bxd4 Bxd4 16. Nc3 Qb6 17. Na4 Qb4 18. Qc2 Bd7 19. Nc3 Rac8 20. Qd2 e5
21. Nd5 Qxd2 22. Rxd2 Kg7 23. Rad1 Rfe8 24. b3 Bc6 25. Ne3 Bxg2 26. Kxg2 Rc3 27. Nd5 Rc5 28. Ne3 Rec8 29. Kf1 Bxe3 30. fxe3 Rc1
31. Ke2 Rxd1 32. Kxd1 Rc7 33. Ke2 f5 34. h3 Kf6 35. a3 e4 36. h4 g5 37. hxg5+ Kxg5 38. Kf2 Kg4 39. b4 b5 40. Kg2 a6
41. Rf2 h5 42. Rf4+ Kg5 43. Rf2 Rc3
0-1

[Event "Chess1500TO1999 1"]
[Site "SchemingMind.com"]
[Date "2024.07.11"]
[Round "-"]
[White "Stephen Dunning"]
[Black "pmdpsp"]
[Result "1-0"]
[WhiteCountry "WLS"]
[BlackCountry "GER"]
[WhiteElo "1973"]
[WhiteRD "81"]
[BlackElo "1659"]
[BlackRD "75"]
[GameID "745902"]

1. d4 g6 2. e4 Bg7 3. Nc3 d6 4. Nf3 Nf6 5. Be2 O-O 6. O-O Nbd7 7. e5 Ng4 8. e6 Ndf6 9. Ng5 Nh6 10. Nxf7 Nxf7
11. exf7+ Rxf7 12. Bg5 b6 13. Bxf6 Bxf6 14. Bc4 e6 15. Qf3 Bd7 16. Qe4 d5 17. Nxd5 Bc6 18. Nxf6+ Rxf6 19. Bxe6+ Kg7 20. Qxc6 Rb8
21. d5 Qd6 22. Qxd6 cxd6 23. c4 Rbf8 24. Rac1 Re8 25. b4 Re7 26. c5 dxc5 27. bxc5 bxc5 28. Rxc5 Kf8 29. Rc8+ Kg7 30. d6 Rexe6
31. d7
1-0

[Event "Chess1500TO1999 1"]
[Site "SchemingMind.com"]
[Date "2024.07.15"]
[Round "-"]
[White "Wojtek26"]
[Black "Stephen Dunning"]
[Result "0-1"]
[WhiteCountry "POL"]
[BlackCountry "WLS"]
[WhiteElo "1745"]
[WhiteRD "63"]
[BlackElo "1963"]
[BlackRD "84"]
[GameID "745903"]

1. d4 Nf6 2. e3 d5 3. Nf3 c5 4. c4 cxd4 5. Nxd4 e5 6. Nc2 Nc6 7. Be2 Bc5 8. Nc3 d4 9. exd4 exd4 10. Nd5 Nxd5
11. cxd5 Qxd5 12. O-O O-O 13. Bd3 Ne5 14. a3 Nxd3 15. Qxd3 Bf5 16. Qd2 Rfe8 17. Nb4 Bxb4 18. Qxb4 a5 19. Qa4 b5 20. Qd1 Rac8
21. Bf4 Bc2 22. Qd2 a4 23. Rac1 d3 24. Rfe1 Re4 25. Be3 Qb3 26. Bf4 Qc4 27. Rxe4 Qxe4 28. Re1 Qc6 29. f3 h6 30. Rc1 Qf6
31. Qb4 Rc4 32. Qxb5 Qxf4
0-1

[Event "Chess1500TO1999 1"]
[Site "SchemingMind.com"]
[Date "2024.07.11"]
[Round "-"]
[White "Stephen Dunning"]
[Black "Robert Hatfield"]
[Result "1-0"]
[WhiteCountry "WLS"]
[BlackCountry "USA"]
[WhiteElo "1985"]
[WhiteRD "83"]
[BlackElo "1712"]
[BlackRD "58"]
[GameID "745904"]

1. d4 Nf6 2. c4 e6 3. Nc3 Bb4 4. Qc2 O-O 5. e4 d5 6. e5 Ne4 7. Bd3 c5 8. Nf3 cxd4 9. Nxd4 Nd7 10. Bf4 Ndc5
11. O-O Nxd3 12. Qxd3 Bxc3 13. bxc3 b6 14. cxd5 Nc5 15. Qg3 f5 16. exf6 Qxf6 17. Be5 Qf7 18. Bd6 Re8 19. Bxc5 bxc5 20. Nb5 exd5
21. Nd6 Qe7 22. Nxe8 Qxe8 23. Qd6 Bb7 24. Qxc5 Qd7 25. Qd4
1-0

[Event "Chess1500TO1999 1"]
[Site "SchemingMind.com"]
[Date "2024.07.11"]
[Round "-"]
[White "Stephen Dunning"]
[Black "Johphi"]
[Result "1-0"]
[WhiteCountry "WLS"]
[BlackCountry "NED"]
[WhiteElo "2004"]
[WhiteRD "82"]
[BlackElo "1726"]
[BlackRD "129"]
[GameID "745905"]

1. d4 d5 2. c4 e6 3. Nf3 Nf6 4. Nc3 a6 5. cxd5 exd5 6. Bg5 Be6 7. Bxf6 Qxf6 8. Qb3 b5 9. a4 Qd8 10. axb5 a5
11. e3 c5 12. bxc6 Nxc6 13. Bb5 Qb6 14. Ne5 Rc8 15. Nxc6 Rxc6 16. Bxc6+ Qxc6 17. Qb5 Qxb5 18. Nxb5 Bb4+ 19. Nc3 O-O 20. O-O Rc8
21. Rfc1 h6 22. Na2 Rxc1+ 23. Rxc1 Bd6 24. Rc6 Be7 25. Ra6 Kh7 26. Rxa5 g5 27. Nc3 Bb4 28. Rb5 Bxc3 29. bxc3 Kg6 30. f3 f5
31. Kf2 h5 32. h3 h4 33. g4 fxg4 34. fxg4 Kf6 35. Kf3 Bf7 36. e4 dxe4+ 37. Kxe4 Bc4 38. Rc5 Bf1 39. Rf5+
1-0

[Event "Chess1500TO1999 1"]
[Site "SchemingMind.com"]
[Date "2024.07.12"]
[Round "-"]
[White "Chesswitchery"]
[Black "Stephen Dunning"]
[Result "0-1"]
[WhiteCountry "USA"]
[BlackCountry "WLS"]
[WhiteElo "1640"]
[WhiteRD "57"]
[BlackElo "1985"]
[BlackRD "83"]
[GameID "745932"]

1. d4 d5 2. c4 e6 3. e3 Nf6 4. Bd2 c5 5. Nf3 cxd4 6. exd4 dxc4 7. Bxc4 Nc6 8. O-O Nxd4 9. Bg5 Nxf3+ 10. Qxf3 Be7
11. Bb5+ Nd7 12. Bxe7 Qxe7 13. Bxd7+ Qxd7 14. Rd1 Qb5 15. Qc3 O-O 16. Qd4 b6 17. a4 Qc6 18. Nc3 Bb7 19. f3 Qc7 20. Nb5 Qe7
21. Qd6 Qg5 22. Qd3 Rfd8 23. Qe2 a6 24. Rxd8+ Rxd8 25. Nc3 Rd2 26. h4 Qf4 27. Rd1 Qd4+ 28. Kh2 Qxh4+ 29. Kg1 Qd4+ 30. Kf1 Rxd1+
31. Nxd1 Qxa4 32. Qd3 Bd5 33. Nc3 Qa1+ 34. Nd1 Qc1 35. b3 Qa3 36. Qc3 h6 37. b4 Qxc3 38. Nxc3 Bc6 39. Kf2 f5 40. Ke3 Kf7
41. Kd4 Kf6 42. Ke3 h5 43. g3 g5 44. Ne2 a5 45. bxa5 bxa5 46. Nd4 Bd7 47. f4 gxf4+ 48. gxf4 e5 49. fxe5+ Kxe5 50. Nf3+ Kf6
51. Kf4 a4 52. Nd2 a3 53. Nb3 a2 54. Na1 Ba4 55. Kg3 Kg5
0-1

[Event "Chess1500TO1999 1"]
[Site "SchemingMind.com"]
[Date "2024.07.15"]
[Round "-"]
[White "Chesswitchery"]
[Black "Clive Everill"]
[Result "1-0"]
[WhiteCountry "USA"]
[BlackCountry "CZE"]
[WhiteElo "1643"]
[WhiteRD "59"]
[BlackElo "1671"]
[BlackRD "61"]
[GameID "745933"]

1. d4 d5 2. c4 Nf6 3. Nf3 e6 4. e3 Be7 5. Bd2 O-O 6. Nc3 c5 7. cxd5 Nxd5 8. e4 Nb6 9. Be3 cxd4 10. Bxd4 Nc6
11. Be3 Qxd1+ 12. Rxd1 Nd7 13. a3 a6 14. Be2 Nf6 15. e5 Ng4 16. Bf4 Bc5 17. O-O b5 18. h3 Nh6 19. Bxh6 gxh6 20. Ne4 Be7
21. b4 Bb7 22. Nd6 Rab8 23. Nxb7 Rxb7 24. Rc1 Na7 25. Rfd1 Rc8 26. Rxc8+ Kg7 27. Rc3 f5 28. Nd4 Kf7 29. Bh5+ Kg8 30. Rg3+ Bg5
31. Nxe6 Nc6 32. f4 Nxe5 33. Rd8#
1-0

[Event "Chess1500TO1999 1"]
[Site "SchemingMind.com"]
[Date "2024.07.12"]
[Round "-"]
[White "pmdpsp"]
[Black "Chesswitchery"]
[Result "1-0"]
[WhiteCountry "GER"]
[BlackCountry "USA"]
[WhiteElo "1659"]
[WhiteRD "75"]
[BlackElo "1643"]
[BlackRD "59"]
[GameID "745934"]

1. g4 Nc6 2. Bg2 e6 3. d4 d5 4. Nc3 Bb4 5. Bd2 Bxc3 6. Bxc3 f5 7. e3 Nh6 8. gxf5 Nxf5 9. e4 Nfe7 10. e5 O-O
11. Nh3 Ng6 12. Qg4 Nce7 13. Bd2 c5 14. c3 Qb6 15. O-O-O Bd7 16. Kb1 c4 17. Rdf1 a5 18. f4 a4 19. a3 Qd8 20. Ng5 Nf5
21. h4 Nh6 22. Qf3 b5 23. h5 Ne7 24. Qh3 Nhf5 25. Nf3 h6 26. Rf2 Be8 27. Bf1 Ra7 28. Be2 Bf7 29. Bd1 Qe8 30. Rg2 Kh7
31. Bc2 Rg8 32. Ka1 Qf8 33. Ng5+ Kh8 34. Rhg1 Nc6 35. Bxf5 exf5 36. Qxf5 g6 37. Qf6+ Qg7 38. Nxf7+ Rxf7 39. Qxc6 Qf8 40. Rxg6 Rxg6
41. Rxg6 Rg7 42. Rxh6+ Kg8 43. Qxd5+ Qf7 44. e6 Rg1+ 45. Ka2 Qg7 46. e7+ Qf7 47. e8=Q+
1-0

[Event "Chess1500TO1999 1"]
[Site "SchemingMind.com"]
[Date "2024.07.16"]
[Round "-"]
[White "Chesswitchery"]
[Black "Wojtek26"]
[Result "0-1"]
[WhiteCountry "USA"]
[BlackCountry "POL"]
[WhiteElo "1640"]
[WhiteRD "57"]
[BlackElo "1734"]
[BlackRD "65"]
[GameID "745935"]

1. d4 d5 2. c4 e6 3. e3 Nf6 4. Bd2 c5 5. Nf3 Be7 6. Nc3 dxc4 7. Bxc4 O-O 8. O-O Nc6 9. dxc5 Bxc5 10. a3 a6
11. b4 Bb6 12. Rc1 Bc7 13. h3 b5 14. Bb3 Bb7 15. Re1 Ne7 16. e4 Bb6 17. e5 Nfd5 18. Nxd5 Bxd5 19. Bg5 Bxf3 20. Qxd8 Bxd8
21. gxf3 h6 22. Bf4 Bb6 23. Red1 Rfd8 24. Rxd8+ Rxd8 25. Be3 Rb8 26. Bxb6 Rxb6 27. Rc7 Nf5 28. Rc8+ Kh7 29. Kg2 Nd4 30. Ba2 Rc6
31. Rxc6 Nxc6 32. f4 Kg6 33. Bb1+ f5 34. Kg3 Nd4 35. Bd3 Nb3 36. Bc2 Nd4 37. Bd1 Kf7 38. h4 Ke7 39. h5 Kd7 40. f3 Kc6
41. Kf2 Kd5 42. Ke3 Kc4 43. Kf2 Kc3 44. Ke3 Nc6 45. Ke2 Kb2 46. a4 bxa4 47. Bxa4 Nxb4 48. Bd7 Nd5 49. Bxe6 Nxf4+ 50. Ke3 Nxe6
51. f4 a5 52. Kd3 a4 53. Kc4 a3 54. Kd5 Nxf4+
0-1

[Event "Chess1500TO1999 1"]
[Site "SchemingMind.com"]
[Date "2024.07.12"]
[Round "-"]
[White "Robert Hatfield"]
[Black "Chesswitchery"]
[Result "1/2-1/2"]
[WhiteCountry "USA"]
[BlackCountry "USA"]
[WhiteElo "1712"]
[WhiteRD "58"]
[BlackElo "1640"]
[BlackRD "57"]
[GameID "745936"]

1. e4 d5 2. exd5 Nf6 3. Bb5+ Bd7 4. Bc4 c6 5. dxc6 Nxc6 6. Nf3 e6 7. O-O Be7 8. d4 O-O 9. c3 h6 10. b4 a6
11. h3 b5 12. Bb3 a5 13. bxa5 Nxa5 14. Bf4 Bc6 15. Nbd2 Nxb3 16. axb3 Rxa1 17. Qxa1 Ne4 18. Ne5 Nxd2 19. Bxd2 Qd5 20. Nxc6 Qxc6
21. Qb2 Ra8 22. Ra1 Rxa1+ 23. Qxa1 Qd5 24. Qb2 Qe4 25. c4 bxc4 26. bxc4 Bf6 27. Bc3 g6 28. c5 Qd5 29. Kh2 h5 30. Kg1 Bg5
31. Qe2 Qc6 32. Qe5 f6 33. Qd6 Qxd6 34. cxd6 Kf8 35. g3 f5 36. f4 Bf6 37. Kf2 Ke8 38. Ke3 Kd7 39. Bb4 Kc6 40. Kd3 g5
41. Bc5 g4 42. h4 Bg7 43. Kc4 Bf6 44. Kb4 Bg7 45. Ka5 Bf6 46. Ka6 Bg7 47. Ka5= Bf6 48. Kb4 Bg7 49. Kc4 Bf6=
1/2-1/2

[Event "Chess1500TO1999 1"]
[Site "SchemingMind.com"]
[Date "2024.07.12"]
[Round "-"]
[White "Johphi"]
[Black "Chesswitchery"]
[Result "1-0"]
[WhiteCountry "NED"]
[BlackCountry "USA"]
[WhiteElo "1726"]
[WhiteRD "129"]
[BlackElo "1557"]
[BlackRD "61"]
[GameID "745937"]

1. d4 d5 2. Nf3 e6 3. g3 c5 4. Bg2 Nc6 5. O-O Nf6 6. c4 Bd7 7. cxd5 exd5 8. Nc3 cxd4 9. Nxd4 Be6 10. Bf4 Bd6
11. Bxd6 Qxd6 12. Rc1 Rc8 13. Qa4 O-O 14. e3 Nxd4 15. Qxd4 a6 16. Rfd1 Rfd8 17. a3 Rc4 18. Qxc4 dxc4 19. Rxd6 Rxd6 20. Bxb7 g6
21. Ne4 Nxe4 22. Bxe4 f5 23. Bf3 h6 24. Rd1 Rxd1+ 25. Bxd1 Kg7 26. Kf1 Bd5 27. Ke2 Kf6 28. f4 g5 29. Kd2 g4 30. Kc3 a5
31. Kd4 Ke6 32. Be2 a4 33. Bxc4 Bxc4 34. Kxc4 Kd6 35. Kb5 Kd5 36. Kxa4 Ke4 37. b4 Kxe3 38. b5 Kf3 39. b6
1-0